| 000 | 00955nam a2200325 a 4500 | ||
|---|---|---|---|
| 001 | 956872 | ||
| 003 | OSt | ||
| 005 | 20140310182048.0 | ||
| 008 | 870217s1986 enk 000 0ceng d | ||
| 015 | _ab8706907 | ||
| 020 |
_a0060806982 (pbk) : _cNo price |
||
| 040 |
_aBNB _beng _cBNB |
||
| 043 | _an-us--- | ||
| 050 | 0 | 0 |
_aE 176 _b.K35 1955 |
| 082 | 0 | 4 |
_aM 973.009 _bK38 2002 |
| 100 | 1 |
_aKennedy, John F. _q(John Fitzgerald), _d1917-1963. _911826 |
|
| 245 | 1 | 0 |
_aProfiles in courage / _cKennedy, John F. |
| 250 | _aMemorial edition. | ||
| 260 |
_aNew York ; _aLondon : _bHarper & Row, _cc2000. |
||
| 300 |
_axvi, 238 p. ; _c18cm. |
||
| 490 | 0 | _aPerennial library | |
| 500 | _aUnited States,. 1800-1945 - Biographies (BNB/PRECIS) | ||
| 504 | _aBibliography: p221-232. - Includes index. | ||
| 651 | 0 |
_aUnited States _xBiography. _911827 |
|
| 942 |
_2lcc _cHS |
||
| 999 |
_c8922 _d8922 |
||